| 000 | 00386nam a2200157Ia 4500 | ||
|---|---|---|---|
| 005 | 20250411061931.0 | ||
| 008 | 240331s9999 xx 000 0 und d | ||
| 020 | _a9559479008 | ||
| 082 |
_bHAR _a891 |
||
| 100 | _aHartlin,P | ||
| 245 | 0 | _aKihilikaru | |
| 260 |
_aMonaragalle _bTransmection _c1996 |
||
| 300 | _a156 p ., | ||
| 500 | _aTranslation of peter Hartling Crutches | ||
| 942 | _cL | ||
| 999 |
_c4820 _d4820 |
||